1364 1737 1395 1392 1991 1397 1081 1895 1798 1203 1637 1323 1511 1631 1534 1557 1818 1476 1088 1446 1812 1782 1383 1615 1295 1264 1373 1644 1996 1025 1083 1427 1876 1113 1772 1044 1403 1476 1503 1968 1910 1730 1820 1167 1648 1344 1776 1633 1675 1616 1306 1029 1486 1495 1597 1786 1695 1789 1889 1329 1149 1268 1446 1576 1648 1567 1852 1664 1102 1325 1622 1204 1627 1832 1949 1052 1835 1021 1222 1401 1790 1825 1565 1978 1647 1366 1414 1586 1563 1557 1578 1608 1932 1693 1227 1023 1062 1658 1335 BCNSPRNW ULIB Ver.6.0+V

เปลี่ยนเป็นภาษาไทย

Change to English
 แสดงรายละเอียดบรรณานุกรม
  กลับหน้าหลัก

Brief Record : Get Marc (ISO 2709) : E-mail record : QR code < ปิดหน้าต่าง
LEADER : 00000nam 2200000uu 4500
001    13399121544
003     ULIB
008    121122s2547||||th 000 0 tha d
020    ^a9749664388
060 04 ^aWW140^bส137ก
100 0  ^aสบง ศรีวรรณบูรณ์
245 10 ^aการวิเคราะห์สภาพตาสำหรับการแก้ไขสายตาผิดปกติโดย Cornealtopography และ Wavefront sensing /^cสบง ศรีวรรณบูรณ์
250    ^aพิมพ์ครั้งที่ 1
260    ^aกรุงเทพฯ :^bงานตำราวารสารและสิ่งพิมพ์สถานเทคโนโลยีการศึกษาแพทยศาสตร์ คณะแพทยศาสตร์ศิริราชพยาบาลมหาวิทยาลัยมหิดล,^c2547
300    ^a134 หน้า :^bภาพประกอบ ;^c27 ซม.
440  0 ^aงานตำราวารสารและสิ่งพิมพ์ ;^vรายการที่ 17 (1-2547)
650  7 ^aสายตา, การทดสอบ
650  7 ^aสายตาผิดปกติ
653    ^aผลงานอาจารย์คณะแพทยศาสตร์ศิริราชพยาบาล
710 2  ^aมหาวิทยาลัยมหิดล. ^bคณะแพทยศาสตร์ศิริราชพยาบาล.^bสถานเทคโนโลยีการศึกษาแพทยศาสตร์
945    ^p350^l0^i13846
995    ^aวิภา
999 ^a ใช้งานได้ทุกระบบ
รายการนี้ยังไม่มีแท็ก
คุณยังไม่ได้ล็อกอิน คุณสามารถมีกิจกรรมร่วมกับเว็บไซต์ได้ แต่ต้องล็อกอินก่อน ::
  ล็อกอิน

รายการสื่อสารสนเทศ

ลำดับที่ ประเภท เลขเรียก/บาร์โค้ด สถานที่ สถานะ
1. วิทยาศาสตร์การแพทย์ และสุขภาพ
วิทยาศาสตร์การแพทย์ และสุขภาพ
WW140 ส137ก  
  Barcode: 13846
ห้องสมุดวิทยาเขตสวรรค์ประชารักษ์
►หนังสือทั่วไป
บนชั้น

รายการใกล้เคียง
    ผู้แต่ง [สบง ศรีวรรณบูรณ์]

    หัวเรื่อง [สายตาผิดปกติ]

BibComment


ยังไม่เคยถูกคอมเมนท์

คอมเมนท์ทรัพยากรรายการนี้
  คอมเมนท์: การวิเคราะห์สภาพ..


 Copyright 2026. Bcnsprnw @Library